Finis les paroles - PNL - Statistiques

Statistiques générales
  • Ce quiz a été pris 1 829 fois
  • Le résultat moyen est 10 sur 14
Statistiques - réponses
Hint Réponse % Correct
Ma frappe, y a personne qui l’arrête, penalty, j’souris au.. gardien
91%
Donc j’ai aimé mon frère plus que ma vie, comme me l’a appris mon... père
91%
Les années passent comme la galère, j’rêve toujours de cette maison sur la.. mer
88%
Les billets bleus sont devenus violets, les rouges sont devenus... verts
86%
Plus je me rapproche du sommet, plus j’entends le ciel qui.. gronde
85%
Mes gouttes de sueur ont l’odeur d’l’.. Enfer
84%
J’remplace centimes par sentiments, mon cœur se transforme en.. billets
76%
Un regard, un mytho, un sourire, et le cœur qui n’veut plus se... nourrir
71%
Je t’aime plus que ma vie, ton rire pour m’en... sortir
70%
Et l’amour ? J’en ai pas et je ferai bien plus d’... euros
69%
Garde le double des clefs salut je quitte la... Terre
69%
Plus très loin du sommet, j’veux garder les pieds sur terre, je garde une photo d’en... bas
51%
Le soleil se lève, temps et soucis dessinent le visage. La lune prend le relais, lance un dernier baiser dans l’... virage
36%
Le temps c’est d’la money, j’ai pas d’montre, j’ai des... sous
32%
Aucun quiz correspondant
Distribution des résultats
% des personnes avec chaque résultat
Percentile par nombre de réponses
Votre historique - résultats
Vous n’avez pas pris ce quiz